<?xml version="1.0" encoding="UTF-8"?>
<record
    xmlns:xsi="http://www.w3.org/2001/XMLSchema-instance"
    xsi:schemaLocation="http://www.loc.gov/MARC21/slim http://www.loc.gov/standards/marcxml/schema/MARC21slim.xsd"
    xmlns="http://www.loc.gov/MARC21/slim">

  <leader>01103cam a22002411  4500</leader>
  <controlfield tag="001">gs 35000080 </controlfield>
  <controlfield tag="003">DLC</controlfield>
  <controlfield tag="005">20260227111339.0</controlfield>
  <controlfield tag="008">880123s1934    ag bcf        000 0 spa c</controlfield>
  <datafield tag="010" ind1=" " ind2=" ">
    <subfield code="a">gs 35000080 </subfield>
  </datafield>
  <datafield tag="035" ind1=" " ind2=" ">
    <subfield code="a">(OCoLC)17379760</subfield>
  </datafield>
  <datafield tag="040" ind1=" " ind2=" ">
    <subfield code="a">Library, U.S. Geological Survey</subfield>
    <subfield code="c">TxDaM</subfield>
    <subfield code="d">TxU</subfield>
    <subfield code="d">DLC</subfield>
  </datafield>
  <datafield tag="050" ind1="0" ind2="0">
    <subfield code="a">QE231</subfield>
    <subfield code="b">.A3 no. 39</subfield>
  </datafield>
  <datafield tag="051" ind1=" " ind2=" ">
    <subfield code="a">QE231</subfield>
    <subfield code="b">.W46</subfield>
  </datafield>
  <datafield tag="100" ind1="1" ind2=" ">
    <subfield code="a">Wichmann, Richard,</subfield>
    <subfield code="d">1881-1930.</subfield>
  </datafield>
  <datafield tag="245" ind1="1" ind2="0">
    <subfield code="a">Contribuci&#xF3;n al conocimiento geol&#xF3;gico de los territorios del Neuqu&#xE9;n y del R&#xED;o Negro,</subfield>
    <subfield code="c">por Ricardo Wichmann; con 24 laminas y un bosquejo geol&#xF3;gico ejecutados en el taller de grabados de la Direcci&#xF3;n de Minas.</subfield>
  </datafield>
  <datafield tag="260" ind1=" " ind2=" ">
    <subfield code="a">Buenos Aires,</subfield>
    <subfield code="b">Talleres Gr&#xE1;ficos del Ministerio de Agricultura de la Naci&#xF3;n,</subfield>
    <subfield code="c">1934.</subfield>
  </datafield>
  <datafield tag="300" ind1=" " ind2=" ">
    <subfield code="a">27 p.</subfield>
    <subfield code="b">24 pl. (part col.) port., fold. col. map.</subfield>
    <subfield code="c">27 cm.</subfield>
  </datafield>
  <datafield tag="490" ind1="0" ind2=" ">
    <subfield code="a">Argentine Republic. Direcci&#xF3;n de Minas y Geologia. [Ser. B] Boletin</subfield>
    <subfield code="v">no. 39</subfield>
  </datafield>
  <datafield tag="500" ind1=" " ind2=" ">
    <subfield code="a">At head of title: Republica Argentina. Ministerio de Agricultura de la Nacion.</subfield>
  </datafield>
  <datafield tag="650" ind1=" " ind2="0">
    <subfield code="a">Geology</subfield>
    <subfield code="z">Argentina</subfield>
    <subfield code="z">Neuqu&#xE9;n.</subfield>
  </datafield>
  <datafield tag="650" ind1=" " ind2="0">
    <subfield code="a">Geology</subfield>
    <subfield code="z">Argentina</subfield>
    <subfield code="z">R&#xED;o Negro.</subfield>
  </datafield>
  <datafield tag="999" ind1=" " ind2=" ">
    <subfield code="c">27171</subfield>
    <subfield code="d">27171</subfield>
  </datafield>
</record>
